000 00982nam a22002297a 4500
005 20250507104705.0
008 250507b |||||||| |||| 00| 0 eng d
020 _a978-81-972774-7-4 (hbk)
037 _cTB
040 _aCRL
_cCRL
041 _2hin
_ahin
084 _aO152:g(V2y7M69) R4
_qCRL
245 _aसाहित्य, संस्कृति और गांधी
260 _aजयपुर, भारत:
_bवाईकिंग बुक्स,
_c2024.
300 _a210पृ0
365 _b1695.00
_cINR
650 _aहिन्दी साहित्य
650 _aगांधी
_9754884
700 _aजोशी, पयोद
_eसंपादक
_9754885
942 _2CC
_cTB
_hO152:g(V2y7M69) R4
_n0
999 _c1312946
_d1312946